000
00270nam a22001217a 4500
008
181023b xxu||||| |||| 00| 0 eng d
041
_a
eng
080
_a
821
100
_a
23
101
_a
gju
245
_a
The Oxford Clasical Dictionary
_c
James.p
942
_2
udc
_c
BK
999
_c
50765
_d
50765